| 000 | 00804nam a22002057a 4500 | ||
|---|---|---|---|
| 005 | 20180111164900.0 | ||
| 010 | _aB-685714 | ||
| 020 |
_a9788193332832 _c460.00 |
||
| 035 | _aB-685714 | ||
| 037 | _bPANSY BOOKS(RP) | ||
| 082 | _a000 | ||
| 100 | _aYadav,Rakesh | ||
| 245 |
_a7300+SSC general studies / _cby Rakesh Yadav |
||
| 260 |
_aDelhi _bRakesh Yadav Readres Publication _c2017 (rev. ed.) |
||
| 270 |
_a1425,Outram lane near B.B.M,Depot,GTB Nagar _bDelhi _e110009 |
||
| 300 |
_av,1031p. _c28cm(pbk) |
||
| 505 | _aeach question with detailed video solution 1999-2017 Chapter wise Question . | ||
| 942 |
_2ddc _cEN _h000 _mSSC |
||
| 999 |
_c148991 _d148991 |
||